[Event "Stay Safe Play From Home 381"]
[Site "Emanuel Lasker Arena"]
[Date "2020.08.13"]
[Round "2"]
[White "Haris kollari 13"]
[Black "Kongle"]
[Result "1-0"]
[WhiteElo "1865"]
[BlackElo "1766"]
[Annotator "NA"]
[PlyCount "71"]
[EventDate "2020.08.13"]
[EventType "swiss (blitz)"]

1. e4 {[%emt 0:00:01]} d5 {[%emt 0:00:21]} 2. e5 {[%emt 0:00:02]} Bf5 {[%emt 0:00:02]} 3. d4 {[%emt 0:00:01]} e6 {[%emt 0:00:01]} 4. c3 {[%emt 0:00:01]} c5 {[%emt 0:00:01]} 5. f4 {[%emt 0:00:02]} Nc6 {[%emt 0:00:01]} 6. Nf3 {[%emt 0:00:03]} Qb6 {[%emt 0:00:01]} 7. Bd3 {[%emt 0:00:07]} Be7 {[%emt 0:00:04]} 8. Bxf5 {[%emt 0:00:02]} exf5 {[%emt 0:00:02]} 9. Qd3 {[%emt 0:00:04]} g6 {[%emt 0:00:03]} 10. b3 {[%emt 0:00:01]} cxd4 {[%emt 0:00:05]} 11. cxd4 {[%emt 0:00:01]} Nb4 {[%emt 0:00:06]} 12. Qd2 {[%emt 0:00:03]} O-O-O {[%emt 0:00:03]} 13. Bb2 {[%emt 0:00:08]} Kb8 {[%emt 0:00:05]} 14. a3 {[%emt 0:00:07]} Nc6 {[%emt 0:00:06]} 15. b4 {[%emt 0:00:01]} Nh6 {[%emt 0:00:08]} 16. h3 {[%emt 0:00:01]} f6 {[%emt 0:00:03]} 17. Nc3 {[%emt 0:00:03]} fxe5 {[%emt 0:00:04]} 18. fxe5 {[%emt 0:00:01]} f4 {[%emt 0:00:14]} 19. Na4 {[%emt 0:00:13]} Qb5 {[%emt 0:00:04]} 20. Nc5 {[%emt 0:00:03]} Bxc5 {[%emt 0:00:25]} 21. bxc5 {[%emt 0:00:02]} Rde8 {[%emt 0:00:08]} 22. a4 {[%emt 0:00:05]} Qa6 {[%emt 0:00:04]} 23. Bc3 {[%emt 0:00:10]} Rhf8 {[%emt 0:00:06]} 24. Kf2 {[%emt 0:00:05]} Nf5 {[%emt 0:00:02]} 25. Rhb1 {[%emt 0:00:03]} Ng3 {[%emt 0:00:08]} 26. Kg1 {[%emt 0:00:07]} Ne2+ {[%emt 0:00:04]} 27. Kh2 {[%emt 0:00:03]} Nxc3 {[%emt 0:00:02]} 28. Qxc3 {[%emt 0:00:01]} Qe2 {[%emt 0:00:12]} 29. Rb2 {[%emt 0:00:05]} Qe4 {[%emt 0:00:04]} 30. a5 {[%emt 0:00:05]} a6 {[%emt 0:00:02]} 31. Rab1 {[%emt 0:00:03]} Re7 {[%emt 0:00:03]} 32. Rb6 {[%emt 0:00:01]} Ka7 {[%emt 0:00:03]} 33. Qb2 {[%emt 0:00:05]} g5 {[%emt 0:00:01]} 34. Rxc6 {[%emt 0:00:08]} bxc6 {[%emt 0:00:03]} 35. Qb6+ {[%emt 0:00:01]} Ka8 {[%emt 0:00:01]} 36. Qxa6+ {[%emt 0:00:01] Time Time Time (Lag: Av=0.69s, max=0.9s) (Lag: Av=0.69s, max=0.9s) (Lag: Av=0.69s, max=0.9s)} 1-0

[Event "Stay Safe Play From Home 381"]
[Site "Emanuel Lasker Arena"]
[Date "2020.08.13"]
[Round "2"]
[White "Buzaglo"]
[Black "Lazieri3"]
[Result "1-0"]
[WhiteElo "1755"]
[BlackElo "1976"]
[PlyCount "73"]
[EventDate "2020.08.13"]
[EventType "swiss (blitz)"]

1. d4 {[%emt 0:00:01]} c6 {[%emt 0:00:20]} 2. Nf3 {[%emt 0:00:05]} d5 {[%emt 0:00:00]} 3. g3 {[%emt 0:00:01]} Bf5 {[%emt 0:01:04]} 4. Bg2 {[%emt 0:00:01]} e6 {[%emt 0:00:01]} 5. Bg5 {[%emt 0:00:03]} Be7 {[%emt 0:00:01]} 6. Bxe7 {[%emt 0:00:01]} Qxe7 {[%emt 0:00:00]} 7. O-O {[%emt 0:00:01]} Nf6 {[%emt 0:00:00]} 8. c4 {[%emt 0:00:02]} h6 {[%emt 0:00:01]} 9. c5 {[%emt 0:00:01]} O-O {[%emt 0:00:02]} 10. Nc3 {[%emt 0:00:02]} Nbd7 {[%emt 0:00:01]} 11. Re1 {[%emt 0:00:02]} Ne4 {[%emt 0:00:02]} 12. Nd2 {[%emt 0:00:03]} Nxd2 {[%emt 0:00:09]} 13. Qxd2 {[%emt 0:00:02]} Nf6 {[%emt 0:00:11]} 14. f3 {[%emt 0:00:11]} Rfd8 {[%emt 0:00:06]} 15. Rad1 {[%emt 0:00:03]} b6 {[%emt 0:00:04]} 16. b4 {[%emt 0:00:05]} a5 {[%emt 0:00:01]} 17. a3 {[%emt 0:00:06]} axb4 {[%emt 0:00:04]} 18. axb4 {[%emt 0:00:00]} bxc5 {[%emt 0:00:03]} 19. bxc5 {[%emt 0:00:01]} Rdb8 {[%emt 0:00:03]} 20. e4 {[%emt 0:00:04]} dxe4 {[%emt 0:00:01]} 21. fxe4 {[%emt 0:00:01]} Bg4 {[%emt 0:00:01]} 22. Rb1 {[%emt 0:00:02]} Bh5 {[%emt 0:00:15]} 23. h3 {[%emt 0:00:08]} Bg6 {[%emt 0:00:01]} 24. Ra1 {[%emt 0:00:13]} Rxa1 {[%emt 0:00:10]} 25. Rxa1 {[%emt 0:00:00]} Rd8 {[%emt 0:00:01]} 26. Qe3 {[%emt 0:00:04]} Qb7 {[%emt 0:00:04]} 27. Rb1 {[%emt 0:00:05]} Qa7 {[%emt 0:00:02]} 28. Rd1 {[%emt 0:00:04]} Qa3 {[%emt 0:00:05]} 29. Qe1 {[%emt 0:00:08]} Qb2 {[%emt 0:00:02]} 30. Rb1 {[%emt 0:00:06]} Qc2 {[%emt 0:00:02]} 31. Rc1 {[%emt 0:00:02]} Qd3 {[%emt 0:00:02]} 32. Rd1 {[%emt 0:00:10]} Qc4 {[%emt 0:00:00]} 33. Kh2 {[%emt 0:00:02]} Qb4 {[%emt 0:00:00]} 34. Qd2 {[%emt 0:00:06]} Rxd4 {[%emt 0:00:00]} 35. Qxd4 {[%emt 0:00:01]} Qb2 {[%emt 0:00:00]} 36. Rd2 {[%emt 0:00:04]} Kh7 {[%emt 0:00:00]} 37. Rxb2 {[%emt 0:00:01] Time Time Time (Lag: Av=0.65s, max=1.0s) (Lag: Av=0.65s, max=1.0s) (Lag: Av=0.65s, max=1.0s)} 1-0

[Event "Stay Safe Play From Home 381"]
[Site "Emanuel Lasker Arena"]
[Date "2020.08.13"]
[Round "2"]
[White "Timbre"]
[Black "Greblah"]
[Result "0-1"]
[WhiteElo "1620"]
[BlackElo "1831"]
[Annotator "NA"]
[PlyCount "76"]
[EventDate "2020.08.13"]
[EventType "swiss (blitz)"]

1. d4 {[%emt 0:00:12]} c6 {[%emt 0:00:00]} 2. Nf3 {[%emt 0:00:03]} d5 {[%emt 0:00:00]} 3. c3 {[%emt 0:00:02]} g6 {[%emt 0:00:02]} 4. Bf4 {[%emt 0:00:01]} Bg7 {[%emt 0:00:01]} 5. e3 {[%emt 0:00:01]} Nh6 {[%emt 0:00:01]} 6. Be2 {[%emt 0:00:01]} O-O {[%emt 0:00:01]} 7. Nbd2 {[%emt 0:00:01]} f6 {[%emt 0:00:01]} 8. Bxh6 {[%emt 0:00:03]} Bxh6 {[%emt 0:00:01]} 9. e4 {[%emt 0:00:01]} e6 {[%emt 0:00:02]} 10. e5 {[%emt 0:00:02]} f5 {[%emt 0:00:01]} 11. O-O {[%emt 0:00:03]} Qb6 {[%emt 0:00:02]} 12. b3 {[%emt 0:00:03]} c5 {[%emt 0:00:01]} 13. dxc5 {[%emt 0:00:03]} Qxc5 {[%emt 0:00:01]} 14. c4 {[%emt 0:00:04]} d4 {[%emt 0:00:06]} 15. Re1 {[%emt 0:00:02]} Nc6 {[%emt 0:00:02]} 16. Nf1 {[%emt 0:00:03]} Nxe5 {[%emt 0:00:05]} 17. Nxe5 {[%emt 0:00:02]} Qxe5 {[%emt 0:00:01]} 18. Bf3 {[%emt 0:00:03]} Qd6 {[%emt 0:00:08]} 19. Ng3 {[%emt 0:00:04]} e5 {[%emt 0:00:04]} 20. Bd5+ {[%emt 0:00:05]} Kh8 {[%emt 0:00:04]} 21. Qe2 {[%emt 0:00:04]} Bg7 {[%emt 0:00:03]} 22. Rad1 {[%emt 0:00:05]} Rb8 {[%emt 0:00:02]} 23. h3 {[%emt 0:00:04]} Bd7 {[%emt 0:00:04]} 24. Nf1 {[%emt 0:00:07]} Bc6 {[%emt 0:00:01]} 25. Bxc6 {[%emt 0:00:02]} bxc6 {[%emt 0:00:02]} 26. Nd2 {[%emt 0:00:02]} c5 {[%emt 0:00:01]} 27. Nf3 {[%emt 0:00:03]} e4 {[%emt 0:00:02]} 28. Nd2 {[%emt 0:00:06]} d3 {[%emt 0:00:02]} 29. Qf1 {[%emt 0:00:04]} Bc3 {[%emt 0:00:03]} 30. Nb1 {[%emt 0:00:12]} Bxe1 {[%emt 0:00:01]} 31. Rxe1 {[%emt 0:00:01]} a5 {[%emt 0:00:02]} 32. Nc3 {[%emt 0:00:04]} Qd4 {[%emt 0:00:01]} 33. Nd5 {[%emt 0:00:05]} a4 {[%emt 0:00:04]} 34. Rd1 {[%emt 0:00:05]} axb3 {[%emt 0:00:02]} 35. axb3 {[%emt 0:00:02]} Rxb3 {[%emt 0:00:01]} 36. Qe1 {[%emt 0:00:05]} Rb2 {[%emt 0:00:03]} 37. g3 {[%emt 0:00:05]} Ra8 {[%emt 0:00:07]} 38. Kg2 {[%emt 0:00:02]} Raa2 {[%emt 0:00:01] Timbre resigns Timbre resigns Timbre resigns (Lag: Av=0.27s, max=1.1s) (Lag: Av=0.27s, max=1.1s) (Lag: Av=0.27s, max=1.1s)} 0-1

[Event "Stay Safe Play From Home 381"]
[Site "Emanuel Lasker Arena"]
[Date "2020.08.13"]
[Round "2"]
[White "Cybertonio"]
[Black "Padmaesh M K"]
[Result "0-1"]
[WhiteElo "1601"]
[BlackElo "1847"]
[Annotator "NA"]
[PlyCount "28"]
[EventDate "2020.08.13"]
[EventType "swiss (blitz)"]

1. Nf3 {[%emt 0:00:19]} Nf6 {[%emt 0:00:03]} 2. e3 {[%emt 0:00:10]} g6 {[%emt 0:00:01]} 3. d4 {[%emt 0:00:00]} Bg7 {[%emt 0:00:01]} 4. c4 {[%emt 0:00:00]} d5 {[%emt 0:00:03]} 5. c5 {[%emt 0:00:02]} O-O {[%emt 0:00:02]} 6. Be2 {[%emt 0:00:10]} Ne4 {[%emt 0:00:02]} 7. Kf1 {[%emt 0:00:01]} c6 {[%emt 0:00:02]} 8. Nc3 {[%emt 0:00:02]} f5 {[%emt 0:00:02]} 9. Nxe4 {[%emt 0:00:03]} fxe4 {[%emt 0:00:01]} 10. Nd2 {[%emt 0:00:13]} e5 {[%emt 0:00:02]} 11. a3 {[%emt 0:00:08]} exd4 {[%emt 0:00:04]} 12. exd4 {[%emt 0:00:02]} Bxd4 {[%emt 0:00:02]} 13. Nb3 {[%emt 0:00:13]} Bxf2 {[%emt 0:00:04]} 14. g3 {[%emt 0:00:09]} Bh3# {[%emt 0:00:02] (Lag: Av=1.45s, max=1.6s) (Lag: Av=1.45s, max=1.6s) (Lag: Av=1.45s, max=1.6s)} 0-1

[Event "Stay Safe Play From Home 381"]
[Site "Emanuel Lasker Arena"]
[Date "2020.08.13"]
[Round "2"]
[White "Dreamsoldier"]
[Black "Hickey"]
[Result "0-1"]
[WhiteElo "1528"]
[BlackElo "2094"]
[PlyCount "46"]
[EventDate "2020.08.13"]
[EventType "swiss (blitz)"]

1. e4 {[%emt 0:00:04]} c6 {[%emt 0:00:01]} 2. Nf3 {[%emt 0:00:01]} d5 {[%emt 0:00:00]} 3. exd5 {[%emt 0:00:01]} cxd5 {[%emt 0:00:00]} 4. d4 {[%emt 0:00:00]} Nf6 {[%emt 0:00:04]} 5. Be3 {[%emt 0:00:00]} Nc6 {[%emt 0:00:01]} 6. Bb5 {[%emt 0:00:00]} g6 {[%emt 0:00:01]} 7. Bxc6+ {[%emt 0:00:02]} bxc6 {[%emt 0:00:01]} 8. O-O {[%emt 0:00:01]} Bg7 {[%emt 0:00:01]} 9. Nbd2 {[%emt 0:00:01]} O-O {[%emt 0:00:00]} 10. c4 {[%emt 0:00:01]} Bg4 {[%emt 0:00:04]} 11. cxd5 {[%emt 0:00:03]} Nxd5 {[%emt 0:00:05]} 12. Qa4 {[%emt 0:00:04]} Nxe3 {[%emt 0:00:04]} 13. fxe3 {[%emt 0:00:03]} Bd7 {[%emt 0:00:06]} 14. Qc2 {[%emt 0:00:05]} Qc7 {[%emt 0:00:07]} 15. Nb3 {[%emt 0:00:07]} Rad8 {[%emt 0:00:07]} 16. Nc5 {[%emt 0:00:25]} Bc8 {[%emt 0:00:02]} 17. Rae1 {[%emt 0:00:05]} Bf5 {[%emt 0:00:11]} 18. Qc4 {[%emt 0:00:09]} e5 {[%emt 0:00:19]} 19. b3 {[%emt 0:00:16]} exd4 {[%emt 0:00:16]} 20. exd4 {[%emt 0:00:00]} Rd5 {[%emt 0:00:09]} 21. h3 {[%emt 0:00:37]} Rfd8 {[%emt 0:00:06]} 22. a4 {[%emt 0:00:21]} Qb6 {[%emt 0:00:05]} 23. Re7 {[%emt 0:00:28]} Kh8 {[%emt 0:00:18] Zaman Zaman Zaman (Lag: Av=0.70s, max=1.1s) (Lag: Av=0.70s, max=1.1s) (Lag: Av=0.70s, max=1.1s)} 0-1

[Event "Stay Safe Play From Home 381"]
[Site "Emanuel Lasker Arena"]
[Date "2020.08.13"]
[Round "3"]
[White "Mepe_Nika"]
[Black "Fischer_11"]
[Result "1-0"]
[WhiteElo "2370"]
[BlackElo "1933"]
[Annotator "NA"]
[PlyCount "95"]
[EventDate "2020.08.13"]
[EventType "swiss (blitz)"]

1. d4 {[%emt 0:00:02]} e5 {[%emt 0:00:01]} 2. e3 {[%emt 0:00:07]} exd4 {[%emt 0:00:01]} 3. exd4 {[%emt 0:00:01]} d5 {[%emt 0:00:02]} 4. Nc3 {[%emt 0:00:04]} Nf6 {[%emt 0:00:01]} 5. Bg5 {[%emt 0:00:02]} c6 {[%emt 0:00:02]} 6. Bd3 {[%emt 0:00:03]} Bd6 {[%emt 0:00:02]} 7. Nf3 {[%emt 0:00:04]} O-O {[%emt 0:00:01]} 8. O-O {[%emt 0:00:00]} Bg4 {[%emt 0:00:02]} 9. h3 {[%emt 0:00:01]} Bh5 {[%emt 0:00:03]} 10. Re1 {[%emt 0:00:03]} Nbd7 {[%emt 0:00:04]} 11. g4 {[%emt 0:00:05]} Bg6 {[%emt 0:00:01]} 12. Ne5 {[%emt 0:00:01]} Qc7 {[%emt 0:00:05]} 13. Nxg6 {[%emt 0:00:12]} hxg6 {[%emt 0:00:00]} 14. Qf3 {[%emt 0:00:05]} Rae8 {[%emt 0:00:03]} 15. a3 {[%emt 0:00:04]} Rxe1+ {[%emt 0:00:11]} 16. Rxe1 {[%emt 0:00:00]} Re8 {[%emt 0:00:01]} 17. Rxe8+ {[%emt 0:00:02]} Nxe8 {[%emt 0:00:00]} 18. Ne2 {[%emt 0:00:01]} Ndf6 {[%emt 0:00:02]} 19. Qe3 {[%emt 0:00:11]} Qe7 {[%emt 0:00:03]} 20. Qxe7 {[%emt 0:00:07]} Bxe7 {[%emt 0:00:00]} 21. f3 {[%emt 0:00:00]} Kf8 {[%emt 0:00:02]} 22. c3 {[%emt 0:00:06]} Bd6 {[%emt 0:00:10] Fischer_11 bietet Remis Fischer_11 bietet Remis Fischer_11 bietet Remis} 23. a4 {[%emt 0:00:02]} Nc7 {[%emt 0:00:06]} 24. Kf2 {[%emt 0:00:02]} Ne6 {[%emt 0:00:01]} 25. Be3 {[%emt 0:00:02]} g5 {[%emt 0:00:05]} 26. Bf5 {[%emt 0:00:05]} Ke7 {[%emt 0:00:03]} 27. Bxe6 {[%emt 0:00:01]} fxe6 {[%emt 0:00:02]} 28. Bxg5 {[%emt 0:00:01]} e5 {[%emt 0:00:02]} 29. dxe5 {[%emt 0:00:06]} Bxe5 {[%emt 0:00:00]} 30. f4 {[%emt 0:00:00]} Bc7 {[%emt 0:00:03]} 31. Nd4 {[%emt 0:00:01]} Kf7 {[%emt 0:00:02]} 32. Bxf6 {[%emt 0:00:03]} Kxf6 {[%emt 0:00:00]} 33. Kf3 {[%emt 0:00:00]} a6 {[%emt 0:00:04]} 34. f5 {[%emt 0:00:02]} Ke5 {[%emt 0:00:02]} 35. Ne6 {[%emt 0:00:01]} Bd6 {[%emt 0:00:05]} 36. Nxg7 {[%emt 0:00:01]} b5 {[%emt 0:00:01]} 37. axb5 {[%emt 0:00:01]} cxb5 {[%emt 0:00:00]} 38. h4 {[%emt 0:00:01]} d4 {[%emt 0:00:01]} 39. cxd4+ {[%emt 0:00:02]} Kxd4 {[%emt 0:00:00]} 40. h5 {[%emt 0:00:01]} Be5 {[%emt 0:00:01]} 41. h6 {[%emt 0:00:01]} a5 {[%emt 0:00:02]} 42. g5 {[%emt 0:00:01]} a4 {[%emt 0:00:01]} 43. f6 {[%emt 0:00:01]} b4 {[%emt 0:00:01]} 44. h7 {[%emt 0:00:05]} a3 {[%emt 0:00:00]} 45. bxa3 {[%emt 0:00:01]} bxa3 {[%emt 0:00:01]} 46. h8=Q {[%emt 0:00:01]} a2 {[%emt 0:00:01]} 47. Qa8 {[%emt 0:00:00]} Kc5 {[%emt 0:00:03]} 48. Qxa2 {[%emt 0:00:01] Fischer_11 gibt auf Fischer_11 gibt auf Fischer_11 gibt auf (Lag: Av=0.44s, max=0.9s) (Lag: Av=0.44s, max=0.9s) (Lag: Av=0.44s, max=0.9s)} 1-0

[Event "Stay Safe Play From Home 381"]
[Site "Emanuel Lasker Arena"]
[Date "2020.08.13"]
[Round "3"]
[White "Hickey"]
[Black "Chesstiger9"]
[Result "1/2-1/2"]
[WhiteElo "2095"]
[BlackElo "1993"]
[PlyCount "73"]
[EventDate "2020.08.13"]
[EventType "swiss (blitz)"]

{- Volkov, Yuri} 1. Nf3 {[%emt 0:00:02]} Nf6 {[%emt 0:00:02]} 2. c4 {[%emt 0:00:00]} c6 {[%emt 0:00:02]} 3. g3 {[%emt 0:00:02]} d5 {[%emt 0:00:01]} 4. Bg2 {[%emt 0:00:00]} g6 {[%emt 0:00:01]} 5. O-O {[%emt 0:00:00]} Bg7 {[%emt 0:00:01]} 6. b3 {[%emt 0:00:02]} O-O {[%emt 0:00:06]} 7. Bb2 {[%emt 0:00:03]} Nbd7 {[%emt 0:00:01]} 8. d3 {[%emt 0:00:02]} Re8 {[%emt 0:00:03]} 9. Nbd2 {[%emt 0:00:05]} e5 {[%emt 0:00:01] Chesstiger9 offers a draw Chesstiger9 offers a draw Chesstiger9 offers a draw} 10. e3 {[%emt 0:00:55]} e4 {[%emt 0:00:05]} 11. Ne1 {[%emt 0:00:04]} exd3 {[%emt 0:00:02]} 12. Nxd3 {[%emt 0:00:00]} Ne4 {[%emt 0:00:06]} 13. Nxe4 {[%emt 0:00:06]} Bxb2 {[%emt 0:00:04]} 14. Nxb2 {[%emt 0:00:03]} dxe4 {[%emt 0:00:01]} 15. Qd4 {[%emt 0:00:06]} f5 {[%emt 0:00:02]} 16. Rfd1 {[%emt 0:00:06]} Qe7 {[%emt 0:00:01]} 17. Bf1 {[%emt 0:00:09]} Ne5 {[%emt 0:00:02]} 18. Be2 {[%emt 0:00:01]} b6 {[%emt 0:00:28]} 19. Na4 {[%emt 0:00:09]} Bb7 {[%emt 0:00:03]} 20. Nc3 {[%emt 0:00:01]} c5 {[%emt 0:00:02]} 21. Qd2 {[%emt 0:00:02]} Rad8 {[%emt 0:00:02]} 22. Qc2 {[%emt 0:00:04]} Nf3+ {[%emt 0:00:01]} 23. Bxf3 {[%emt 0:00:01]} exf3 {[%emt 0:00:01]} 24. Rxd8 {[%emt 0:00:02]} Rxd8 {[%emt 0:00:01]} 25. Rd1 {[%emt 0:00:00]} Be4 {[%emt 0:00:09]} 26. Rxd8+ {[%emt 0:00:08]} Qxd8 {[%emt 0:00:00]} 27. Qd1 {[%emt 0:00:00]} Qe7 {[%emt 0:00:07]} 28. h3 {[%emt 0:00:04]} h5 {[%emt 0:00:04]} 29. Kh2 {[%emt 0:00:02]} h4 {[%emt 0:00:01]} 30. Nxe4 {[%emt 0:00:03]} fxe4 {[%emt 0:00:05]} 31. Qd5+ {[%emt 0:00:01]} Kh7 {[%emt 0:00:04]} 32. gxh4 {[%emt 0:00:02]} Qxh4 {[%emt 0:00:02]} 33. Qf7+ {[%emt 0:00:02]} Kh8 {[%emt 0:00:05]} 34. Qf8+ {[%emt 0:00:01]} Kh7 {[%emt 0:00:01]} 35. Qf7+ {[%emt 0:00:00]} Kh6 {[%emt 0:00:06]} 36. Qf8+ {[%emt 0:00:01]} Kh7 {[%emt 0:00:04]} 37. Qf7+ {[%emt 0:00:01] (Lag: Av=0.71s, max=1.1s) (Lag: Av=0.71s, max=1.1s) (Lag: Av=0.71s, max=1.1s)} 1/2-1/2

[Event "Stay Safe Play From Home 381"]
[Site "Emanuel Lasker Arena"]
[Date "2020.08.13"]
[Round "3"]
[White "Lazieri3"]
[Black "Dreamsoldier"]
[Result "1-0"]
[WhiteElo "1950"]
[BlackElo "1527"]
[PlyCount "41"]
[EventDate "2020.08.13"]
[EventType "swiss (blitz)"]

1. e4 {[%emt 0:00:01]} Nf6 {[%emt 0:00:00]} 2. Nc3 {[%emt 0:00:00]} e5 {[%emt 0:00:01]} 3. Nf3 {[%emt 0:00:01]} d6 {[%emt 0:00:00]} 4. d4 {[%emt 0:00:01]} exd4 {[%emt 0:00:21]} 5. Nxd4 {[%emt 0:00:00]} Bd7 {[%emt 0:00:02]} 6. Bd3 {[%emt 0:00:05]} Nc6 {[%emt 0:00:01]} 7. Nxc6 {[%emt 0:00:01]} Bxc6 {[%emt 0:00:00]} 8. O-O {[%emt 0:00:00]} Be7 {[%emt 0:00:02]} 9. Bg5 {[%emt 0:00:01]} O-O {[%emt 0:00:01]} 10. h3 {[%emt 0:00:01]} h6 {[%emt 0:00:01]} 11. Bh4 {[%emt 0:00:01]} Nh7 {[%emt 0:00:01]} 12. Bxe7 {[%emt 0:00:01]} Qxe7 {[%emt 0:00:02]} 13. Re1 {[%emt 0:00:01]} Qe5 {[%emt 0:00:01]} 14. Qf3 {[%emt 0:00:05]} Ng5 {[%emt 0:00:05]} 15. Qg4 {[%emt 0:00:03]} Rad8 {[%emt 0:00:03]} 16. f4 {[%emt 0:00:01]} Bd7 {[%emt 0:00:01]} 17. fxe5 {[%emt 0:00:09]} Bxg4 {[%emt 0:00:02]} 18. hxg4 {[%emt 0:00:00]} dxe5 {[%emt 0:00:00]} 19. Nd5 {[%emt 0:00:01]} c6 {[%emt 0:00:02]} 20. Ne7+ {[%emt 0:00:01]} Kh8 {[%emt 0:00:01]} 21. Nf5 {[%emt 0:00:00] Dreamsoldier terk eder Dreamsoldier terk eder Dreamsoldier terk eder (Lag: Av=0.57s, max=1.1s) (Lag: Av=0.57s, max=1.1s) (Lag: Av=0.57s, max=1.1s)} 1-0

[Event "Stay Safe Play From Home 381"]
[Site "Emanuel Lasker Arena"]
[Date "2020.08.13"]
[Round "3"]
[White "Moritex"]
[Black "Timbre"]
[Result "1-0"]
[WhiteElo "1901"]
[BlackElo "1613"]
[PlyCount "47"]
[EventDate "2020.08.13"]
[EventType "swiss (blitz)"]

1. f4 {[%emt 0:00:02]} d5 {[%emt 0:00:02]} 2. Nf3 {[%emt 0:00:01]} c6 {[%emt 0:00:01]} 3. d3 {[%emt 0:00:02]} Nf6 {[%emt 0:00:01]} 4. Nc3 {[%emt 0:00:02]} Bf5 {[%emt 0:00:03]} 5. g3 {[%emt 0:00:02]} e6 {[%emt 0:00:04]} 6. Bg2 {[%emt 0:00:01]} Nbd7 {[%emt 0:00:03]} 7. e3 {[%emt 0:00:03]} Be7 {[%emt 0:00:02]} 8. Qe2 {[%emt 0:00:01]} h6 {[%emt 0:00:03]} 9. Bd2 {[%emt 0:00:03]} Qc7 {[%emt 0:00:10]} 10. O-O-O {[%emt 0:00:04]} O-O-O {[%emt 0:00:02]} 11. e4 {[%emt 0:00:02]} dxe4 {[%emt 0:00:03]} 12. dxe4 {[%emt 0:00:01]} Bg4 {[%emt 0:00:03]} 13. h3 {[%emt 0:00:02]} Bxf3 {[%emt 0:00:02]} 14. Bxf3 {[%emt 0:00:01]} Nb6 {[%emt 0:00:03]} 15. Be3 {[%emt 0:00:05]} Rxd1+ {[%emt 0:00:03]} 16. Rxd1 {[%emt 0:00:02]} Rd8 {[%emt 0:00:01]} 17. Bf2 {[%emt 0:00:10]} Rxd1+ {[%emt 0:00:02]} 18. Qxd1 {[%emt 0:00:02]} Nbd7 {[%emt 0:00:06]} 19. e5 {[%emt 0:00:02]} Nd5 {[%emt 0:00:03]} 20. Ne4 {[%emt 0:00:01]} Kb8 {[%emt 0:00:06]} 21. c4 {[%emt 0:00:07]} N5b6 {[%emt 0:00:07]} 22. Qd3 {[%emt 0:00:05]} Bc5 {[%emt 0:00:04]} 23. Nxc5 {[%emt 0:00:03]} Nxc5 {[%emt 0:00:03]} 24. Bxc5 {[%emt 0:00:01] Timbre resigns Timbre resigns Timbre resigns (Lag: Av=0.45s, max=0.9s) (Lag: Av=0.45s, max=0.9s) (Lag: Av=0.45s, max=0.9s)} 1-0

[Event "Stay Safe Play From Home 381"]
[Site "Emanuel Lasker Arena"]
[Date "2020.08.13"]
[Round "3"]
[White "Haris kollari 13"]
[Black "Buzaglo"]
[Result "1-0"]
[WhiteElo "1877"]
[BlackElo "1782"]
[Annotator "NA"]
[PlyCount "69"]
[EventDate "2020.08.13"]
[EventType "swiss (blitz)"]

1. e4 {[%emt 0:00:01]} e5 {[%emt 0:00:01]} 2. f4 {[%emt 0:00:01]} d6 {[%emt 0:00:01]} 3. Nf3 {[%emt 0:00:01]} Nc6 {[%emt 0:00:02]} 4. Bb5 {[%emt 0:00:01]} Bd7 {[%emt 0:00:01]} 5. Nc3 {[%emt 0:00:02]} Nd4 {[%emt 0:00:04]} 6. fxe5 {[%emt 0:00:04]} Nxf3+ {[%emt 0:00:05]} 7. Qxf3 {[%emt 0:00:03]} dxe5 {[%emt 0:00:07]} 8. Bxd7+ {[%emt 0:00:06]} Qxd7 {[%emt 0:00:00]} 9. d3 {[%emt 0:00:04]} O-O-O {[%emt 0:00:08]} 10. O-O {[%emt 0:00:03]} f6 {[%emt 0:00:02]} 11. Be3 {[%emt 0:00:02]} Kb8 {[%emt 0:00:02]} 12. a4 {[%emt 0:00:02]} a6 {[%emt 0:00:02]} 13. Kh1 {[%emt 0:00:04]} Ne7 {[%emt 0:00:02]} 14. b4 {[%emt 0:00:05]} Nc6 {[%emt 0:00:05]} 15. b5 {[%emt 0:00:01]} Nd4 {[%emt 0:00:01]} 16. Bxd4 {[%emt 0:00:06]} Qxd4 {[%emt 0:00:01]} 17. Nd5 {[%emt 0:00:07]} a5 {[%emt 0:00:12]} 18. c3 {[%emt 0:00:07]} Qc5 {[%emt 0:00:08]} 19. Rfd1 {[%emt 0:00:04]} c6 {[%emt 0:00:08]} 20. bxc6 {[%emt 0:00:04]} Qxc6 {[%emt 0:00:04]} 21. Rdb1 {[%emt 0:00:05]} Bc5 {[%emt 0:00:11]} 22. Rb5 {[%emt 0:00:02]} b6 {[%emt 0:00:17]} 23. Rab1 {[%emt 0:00:02]} Ka7 {[%emt 0:00:04]} 24. Nxb6 {[%emt 0:00:15]} Bxb6 {[%emt 0:00:01]} 25. Rxb6 {[%emt 0:00:01]} Qxc3 {[%emt 0:00:17]} 26. Rb7+ {[%emt 0:00:04]} Ka8 {[%emt 0:00:01]} 27. Qe3 {[%emt 0:00:18]} Qd4 {[%emt 0:00:05]} 28. Qd2 {[%emt 0:00:02]} Qc5 {[%emt 0:00:08]} 29. R7b5 {[%emt 0:00:04]} Qa7 {[%emt 0:00:22]} 30. Rxa5 {[%emt 0:00:03]} Rd7 {[%emt 0:00:01]} 31. Rxa7+ {[%emt 0:00:02]} Rxa7 {[%emt 0:00:00]} 32. Qb4 {[%emt 0:00:01]} Rc8 {[%emt 0:00:03]} 33. h3 {[%emt 0:00:02]} Rac7 {[%emt 0:00:06]} 34. Qa5+ {[%emt 0:00:03]} Ra7 {[%emt 0:00:01]} 35. Qd5+ {[%emt 0:00:01] Buzaglo resigns Buzaglo resigns Buzaglo resigns (Lag: Av=0.62s, max=1.1s) (Lag: Av=0.62s, max=1.1s) (Lag: Av=0.62s, max=1.1s)} 1-0